000 00639nam a2200277Ia 4500
005 20260324151005.0
008 008 260324s9999 xx 000 0 eng d
020 _a9781003426875
037 _aEBOOK
040 _aCRL
040 _beng
040 _cCRL
041 _2eng
041 _aeng
084 _qCRL
100 _aHenry Noel Brailsford
_91228342
245 4 _aThe Russian Workers' Republic
260 _bTaylor and Francis
260 _c1921
365 _a
365 _b160
856 _uhttp://www.taylorfrancis.com/books/9781003426875
942 _cEBOOK
999 _c1838709
_d1838709